Virtual dig : (Record no. 12693)

000 -LEADER
fixed length control field 00834cam a22002294a 4500
020 ## - INTERNATIONAL STANDARD BOOK NUMBER
ISBN 0767402456 (acidfree paper)
040 ## - CATALOGING SOURCE
Transcribing agency DLC
082 00 - DEWEY DECIMAL CLASSIFICATION NUMBER
Classification number 936 MAY 2000 A099 Or.
100 1# - MAIN ENTRY--AUTHOR NAME
Personal name Dibble, Harold Lewis.
245 10 - TITLE STATEMENT
Title Virtual dig :
Remainder of title a simulated archaeological excavation of a middle Paleolithic site in France /
260 ## - PUBLICATION, DISTRIBUTION, ETC. (IMPRINT)
Place of publication Mountain View, Calif. :
Name of publisher Mayfield Pub. Co.,
Year of publication c2000.
300 ## - PHYSICAL DESCRIPTION
Number of Pages ix, 148 p. :
Other physical details ill. ;
Dimensions 28 cm. +
Accompanying material 1 computer optical disc (4 3/4 in.)
650 #0 - SUBJECT ADDED ENTRY--TOPICAL TERM
Topical Term Mousterian culture
650 #0 - SUBJECT ADDED ENTRY--TOPICAL TERM
Topical Term Excavations (Archaeology)
650 #0 - SUBJECT ADDED ENTRY--TOPICAL TERM
Topical Term Archaeological surveying
650 #0 - SUBJECT ADDED ENTRY--TOPICAL TERM
Topical Term Archaeology
700 1# - ADDED ENTRY--PERSONAL NAME
Personal name McPherron, Shannon P.
700 1# - ADDED ENTRY--PERSONAL NAME
Personal name Roth, Barbara J.,
856 42 - ELECTRONIC LOCATION AND ACCESS
Uniform Resource Identifier http://www.loc.gov/catdir/description/mh024/99017296.html
856 41 - ELECTRONIC LOCATION AND ACCESS
Uniform Resource Identifier http://www.loc.gov/catdir/toc/mh023/99017296.html
942 ## - ADDED ENTRY ELEMENTS (KOHA)
Koha item type សៀវភៅភាសាអង់គ្លេស
952 ## - LOCATION AND ITEM INFORMATION (KOHA)
Withdrawn status [LOCAL, KOHA] 0
952 ## - LOCATION AND ITEM INFORMATION (KOHA)
Withdrawn status [LOCAL, KOHA] 0
Holdings
Permanent Location Date acquired Koha item type Lost status Shelving location Barcode Current Location Full call number
Library Block A2017-08-16សៀវភៅភាសាអង់គ្លេស A099A16969Library Block A936 MAY 2000 A099 Or.
Library Block A2017-08-16សៀវភៅភាសាអង់គ្លេស A099A16122Library Block A936 MAY 2000 A099 Or.
មជ្ឈមណ្ឌលឯការនៃសាកលវិទ្យាល័យភូមិន្ទកសិកម្មចំការដូង

Powered by Koha